LEADER 03143nas# 2200337 i 450 001 SUN0000387 005 20190327120241.73 010 $d0.00 011 $a1123-3036 100 $a20020508a1955 |0itac50 ba 101 $aita 102 $aIT 105 $a|||| ||||| 110 $aaQ||||||||| 200 1 $aIl *diritto dell'economia$erivista quadrimestrale di dottrina, giurisprudenza e documentazione 205 $a1 (1955)-17 (1971)$gn. s., 1 (1988)- 207 $aTorino : Unione industriale di Torino, 1955- 210 $avolumi$a25 cm 215 $aLa periodicità varia; dal 2002 trimestrale 451 1$1001SUN0106392$12001 $aIl *diritto dell'economia$1207 $a Modena : Mucchi$1210 $aPubblicazione in formato elettronico$1215 $aAccesso al full text attraverso riconoscimento indirizzo IP di Ateneo. 606 $aRegolamentazione dell'attivita economica. Italia. Pubblicazioni in serie$2FI$3SUNC000270 620 $dModena$3SUNL000023 676 $a343.450705$v21 712 $aMucchi$3SUNV002101$4650 801 $aIT$bSOL$c20190401$gRICA 856 4 $uhttp://digital.casalini.it/22811540 899 $aUFFICIO DI BIBLIOTECA DEL DIPARTIMENTO DI GIURISPRUDENZA$2SUN00$41994-2011; lac. 1997;$cSALA LETTURA sc. 13 ; 912 $aSUN0000387 950 $aUFFICIO DI BIBLIOTECA DEL DIPARTIMENTO DI GIURISPRUDENZA$b001994-2011; lac. 1997;$d00RIV SALA LETTURA sc. 13 1996 $e00RIV536 20131008 $d00RIV SALA LETTURA sc. 13 1997 $e00RIV537 20131008 $d00RIV SALA LETTURA sc. 13 1998 $e00RIV538 20131008 $d00RIV SALA LETTURA sc. 13 1999 $e00RIV539 20131008 $d00RIV SALA LETTURA sc. 13 2000 $e00RIV540 20131008 $d00RIV SALA LETTURA sc. 13 2001 $e00RIV541 20131008 $d00RIV SALA LETTURA sc. 13 2002 $e00RIV542 20131008 $d00RIV SALA LETTURA sc. 13 2003 $e00RIV543 20131008 $d00RIV SALA LETTURA sc. 13 2006 $e00RIV544 20131008 $d00RIV SALA LETTURA sc. 13 2007 $e00RIV545 20131008 $d00RIV SALA LETTURA sc. 13 2008 $e00RIV546 20131008 $d00RIV SALA LETTURA sc. 13 2010 $e00RIV547 20131008 $d00RIV SALA LETTURA sc. 13 2009 $e00RIV2261 20131008 $d00RIV SALA LETTURA sc. 13 1994 $e00RIV3735 20131008 $d00RIV SALA LETTURA sc. 13 2011 $e00RIV5331 20131008 $d00RIV SALA LETTURA sc. 13 1995 $e00RIV6599 20131008 $d00RIV SALA LETTURA sc. 13 2004 $e00RIV26550 20131008 $d00RIV SALA LETTURA sc. 13 2005 $e00RIV30742 20131008 996 $aDiritto dell'economia$9797762 997 $aUNICAMPANIA LEADER 03444nam 22007333u 450 001 9910450725703321 005 20210114201400.0 010 $a1-280-14318-5 010 $a0-203-99539-2 035 $a(CKB)1000000000253664 035 $a(EBL)240608 035 $a(OCoLC)475954626 035 $a(SSID)ssj0000365785 035 $a(PQKBManifestationID)12080274 035 $a(PQKBTitleCode)TC0000365785 035 $a(PQKBWorkID)10413863 035 $a(PQKB)11097775 035 $a(SSID)ssj0000244839 035 $a(PQKBManifestationID)11235710 035 $a(PQKBTitleCode)TC0000244839 035 $a(PQKBWorkID)10176292 035 $a(PQKB)11512080 035 $a(MiAaPQ)EBC240608 035 $a(EXLCZ)991000000000253664 100 $a20130418d2012|||| u|| | 101 0 $aeng 135 $aur|n|---||||| 181 $ctxt 182 $cc 183 $acr 200 10$aSexuality, Gender and Schooling$b[electronic resource] $eShifting Agendas in Social Learning 210 $aHoboken $cTaylor and Francis$d2012 215 $a1 online resource (201 p.) 300 $aDescription based upon print version of record. 311 $a0-415-28047-8 311 $a0-415-28046-X 327 $aSexuality, Gender and Schooling Shifting agendas in social learning; Copyright; Contents; Acknowledgements; Foreword; Introduction; Chapter 1 Fragments from a fading career: personal narratives and emotional investments; Chapter 2 Ways of conceptualising sexuality, gender and schooling; Chapter 3 Producing heterosexualities: the school as a site of discursive practices; Chapter 4 Agony aunts and absences: an analysis of a sex education class; Chapter 5 More Sugar? Teenage magazines, gender displays and sexual learning 327 $aChapter 6 Understanding masculinities: young men, heterosexuality and embodimentChapter 7 Sexing the subject: teachers, pedagogies and sex education; Chapter 8 Sexuality, gender and schooling reconsidered: notes towards a conclusion; Notes; Appendix; Bibliography; Index 330 $aThe sexuality of young people arouses controversy and remains a source of concern for parents, teachers, policy-makers and politicians. But what young people really think about sexuality and gender and how these issues impact upon their lives is often marginalized or overlooked.Based upon extensive ethnographic research with young people and teachers, Sexuality, Gender and Schooling offers a telling and insightful account of how young people acquire sexual knowledge and how they enact their understanding of their own gender. It highlights the ways in which young people's con 606 $aSex (Psychology) 606 $aSex instruction 606 $aSex instruction 606 $aYouth 606 $aGender & Ethnic Studies$2HILCC 606 $aSocial Sciences$2HILCC 606 $aGender Studies & Sexuality$2HILCC 608 $aElectronic books. 615 4$aSex (Psychology). 615 4$aSex instruction. 615 4$aSex instruction. 615 4$aYouth. 615 7$aGender & Ethnic Studies 615 7$aSocial Sciences 615 7$aGender Studies & Sexuality 676 $a306.7071 676 $a371.714 700 $aKehily$b Mary Jane$0949900 801 0$bAU-PeEL 801 1$bAU-PeEL 801 2$bAU-PeEL 906 $aBOOK 912 $a9910450725703321 996 $aSexuality, Gender and Schooling$92147200 997 $aUNINA